Every Song by Ben Folds Five - Statistics

General Stats
  • This quiz has been taken 18 times
  • The average score is 20 of 61
Answer Stats
Album Song % Correct
Whatever and Ever Amen(1997) Brick
88%
Whatever and Ever Amen(1997) One Angry Dwarf and 200 Solemn Faces
75%
The Unauthorized Biography of Reinhold Messner(1999) Army
69%
Ben Folds Five(1995) Philosophy
69%
Ben Folds Five(1995) Underground
69%
Whatever and Ever Amen(1997) Battle of Who Could Care Less
63%
Whatever and Ever Amen(1997) Kate
63%
Whatever and Ever Amen(1997) Smoke
63%
Whatever and Ever Amen(1997) Song for the Dumped
63%
Ben Folds Five(1995) Best Imitation of Myself
56%
Ben Folds Five(1995) Boxing
56%
Whatever and Ever Amen(1997) Evaporated
56%
Ben Folds Five(1995) Jackson Cannery
56%
The Unauthorized Biography of Reinhold Messner(1999) Narcolepsy
56%
Whatever and Ever Amen(1997) Steven's Last Night in Town
56%
Ben Folds Five(1995) Julianne
50%
Whatever and Ever Amen(1997) Selfless, Cold, and Composed
50%
Ben Folds Five(1995) The Last Polka
50%
Ben Folds Five(1995) Alice Childress
44%
Whatever and Ever Amen(1997) Cigarette
44%
Whatever and Ever Amen(1997) Fair
44%
Whatever and Ever Amen(1997) Missing the War
44%
Ben Folds Five(1995) Uncle Walter
44%
Naked Baby Photos(1998) Emaline
38%
Ben Folds Five(1995) Sports & Wine
38%
The Unauthorized Biography of Reinhold Messner(1999) Your Redneck Past
38%
The Unauthorized Biography of Reinhold Messner(1999) Hospital Song
31%
The Unauthorized Biography of Reinhold Messner(1999) Jane
31%
The Unauthorized Biography of Reinhold Messner(1999) Magic
31%
The Unauthorized Biography of Reinhold Messner(1999) Mess
31%
Whatever and Ever Amen(Bonus)(2005) Air
25%
The Unauthorized Biography of Reinhold Messner(1999) Don't Change Your Plans
25%
The Unauthorized Biography of Reinhold Messner(1999) Regrets
25%
The Sound of the Life of the Mind(2012) Sky High
25%
The Sound of the Life of the Mind(2012) The Sound of the Life of the Mind
25%
Ben Folds Five(1995) Video
25%
Ben Folds Five(1995) Where's Summer B.?
25%
The Sound of the Life of the Mind(2012) Do It Anyway
19%
The Sound of the Life of the Mind(2012) Draw a Crowd
19%
Naked Baby Photos(1998) Eddie Walker
19%
The Sound of the Life of the Mind(2012) Erase Me
19%
Whatever and Ever Amen(Bonus)(2005) Mitchell Lane
19%
The Unauthorized Biography of Reinhold Messner(Bonus)(1999) Theme From “Dr. Pyser”
19%
Naked Baby Photos(1998) Twin Falls
19%
The Unauthorized Biography of Reinhold Messner(1999) Your Most Valuable Possession
19%
Naked Baby Photos(1998) Dick Holster
13%
The Unauthorized Biography of Reinhold Messner(1999) Lullabye
13%
Naked Baby Photos(1998) Tom & Mary
13%
The Sound of the Life of the Mind(2012) Away When You Were Here
6%
The Sound of the Life of the Mind(2012) Hold That Thought
6%
The Sound of the Life of the Mind(2012) Michael Praytor, Five Years Later
6%
The Sound of the Life of the Mind(2012) On Being Frank
6%
The Sound of the Life of the Mind(2012) Thank You for Breaking My Heart
6%
Naked Baby Photos(1998) Bad Idea
0%
The Unauthorized Biography of Reinhold Messner(Bonus)(1999) Birds
0%
Whatever and Ever Amen(Bonus)(2005) For All the Pretty People
0%
Naked Baby Photos(1998) For Those of Ya'll Who Wear Fannie Packs
0%
Live(2013) One Chord Blues
0%
Live(2013) Overture-Heaven on Their Minds
0%
Naked Baby Photos(1998) Satan Is My Master
0%
Naked Baby Photos(1998) The Ultimate Sacrifice
0%
No matching quizzes found
Score Distribution
Percent of People with Each Score
Percentile by Number Answered
Your Score History
You have not taken this quiz